Konvertibilita a devízový kurz slovenskej koruny vo vzťahu k Európskej únii
Pripravenosť Európskej únie na prijatie kandidátskych krajín. Pripravenosť SR na vstup do EÚ v oblasti menového kurzu slovenskej koruny. Výhody pružných menových kurzov. Súčasná úroveň konvertibility slovenskej koruny a jej perspektívy. Časový harmonogram liberalizácie pohybu kapitálu.
Enregistré dans:
| Auteur principal: | |
|---|---|
| Format: | Chapitre de livre |
| Langue: | slovaque |
| Sujets: | |
| Tags: |
Pas de tags, Soyez le premier à ajouter un tag!
|
MARC
| LEADER | 00000naa a2200000 4500 | ||
|---|---|---|---|
| 001 | r043290 | ||
| 005 | 20240502071337.7 | ||
| 041 | 0 | |a slo | |
| 044 | |a SK | ||
| 245 | 1 | 0 | |a Konvertibilita a devízový kurz slovenskej koruny vo vzťahu k Európskej únii |c Anežka Jankovská |
| 520 | |a Pripravenosť Európskej únie na prijatie kandidátskych krajín. Pripravenosť SR na vstup do EÚ v oblasti menového kurzu slovenskej koruny. Výhody pružných menových kurzov. Súčasná úroveň konvertibility slovenskej koruny a jej perspektívy. Časový harmonogram liberalizácie pohybu kapitálu. | ||
| 610 | 2 | 0 | |a konvertibilita |
| 610 | 2 | 0 | |a kurz devízový |
| 610 | 2 | 0 | |a koruna |
| 610 | 2 | 0 | |a Slovensko |
| 610 | 2 | 0 | |a Európska únia |
| 610 | 2 | 0 | |a kurz menový |
| 610 | 2 | 0 | |a kurz výmenný pohyblivý |
| 610 | 2 | 0 | |a liberalizácia |
| 610 | 2 | 0 | |a pohyb kapitálu |
| 100 | 1 | |a Jankovská, Anežka | |